| 000 | 01464nam0a22002531 4500 | ||
|---|---|---|---|
| 001 | v19\rc\1954640 | ||
| 005 | 20260406183119.0 | ||
| 035 | _a(NLR Aleph) 005039092 | ||
| 090 |
_a6773781 _c6773781 |
||
| 100 | _a20080428d1913 |||y0rusy50 ca | ||
| 101 | 0 | _arus | |
| 102 | _aRU | ||
| 105 | _ay z ||||| | ||
| 200 | 1 |
_aЖурнал образованного при Министерстве юстиции Междуведомственного совещания для выработки законопроектов, необходимых для приведения в действие конвенции 10/23 июля 1912 г. по объединению законоположений о векселях _eЗаседания 3, 6, 24 и 26 апр. 1913 г. _e[С прил. |
|
| 210 |
_aПетроград _d1913] |
||
| 215 |
_a100, 12 с. _d26 |
||
| 309 | _aБез тит. л. и обл. | ||
| 710 | 0 | 1 |
_aРоссия _bМинистерство юстиции _bМеждуведомственное совещание для выработки законопроектов, необходимых для приведения в действие конвенции 10/23 июля 1912 г. по объединению законоположений о векселях _f1913 _9392000 _3RU\NLR\AUTH\889948196 |
| 801 | 0 |
_aRU _bNLR _gpsbo |
|
| 801 | 0 |
_aRU _bRuMoRGB _2psbo |
|
| 801 | 1 |
_aRU _bProSoft-M _2rusmarc |
|
| 852 |
_aNLR _j17.147.1.20 |
||
| 942 | _cBOOK | ||
| 980 | _aNB | ||